000 00337 a2200109 4500
001 ART_8316
005 20260410161843.0
008 260409a
245 1 0 _aDependencia externa y teoría económica
100 1 _aFurtado, Celso
773 0 _tEl trimestre económico
_g- Vol. XXXVIII, Nº 150 (abr./jun. 1971)
_wREV6933
999 _c24329
_d24329